000 00979nam a22002897a 4500
003 DO-SdBPM
005 20260519141854.0
008 171116b1999 sp ||||| |||| 00| 0 spa d
020 _a 8434851849
040 _aDO-SdBPM
_bspa
_cBPMSU
_erda
082 4 _a863.5
_bS572e 1999
_222
100 1 _aSierra i Fabra, Jordi,
_eautor
_c1947-
_4aut.
_948
245 1 0 _aLa estrella de la mañana /
_cJordi Sierra i Fabra.
250 _a5ª ed.
264 _aMadrid :
_bSM,
_c1999.
300 _a172 páginas :
_bilustración ;
_c21 cm.
336 _atexto
_btxt
_2rdacontent
337 _asin mediación
_bn
_2rdamedia
338 _avolumen
_bn
_2rdacarrier
490 0 _aGran angular., Alerta roja
500 _aIncluye datos biográficos del autor en la solapa de la contracubierta.
590 _aInventariado, 2026/VM
650 7 _aNovela juvenil española
650 7 _aLiteratura juvenil española
910 _aVMateo V. Control de calidad. BPMSU
942 _2ddc
_cBK
999 _c12924
_d12924